Global networks : the vodafone - ericsson journey to gobalization and the inception of a requisite organization

Bibliographic Details
Main Author: Ibbott, Christopher J.
Format: Book
Language:English
Published: New York : Palgrave , 2007
Subjects:

MARC

LEADER 00000cam a2200000 7i4500
001 0000021609
005 20090107.0
008 081022 -usa eng
020 |a 9780230551176 
040 |a INS 
050 0 0 |a LCC 
090 0 0 |a HD9696.T444   |b V635 2007 
100 1 |a Ibbott, Christopher J. 
245 1 0 |a Global networks :   |b the vodafone - ericsson journey to gobalization and the inception of a requisite organization   |c Christopher J.Ibbott 
260 |a New York :   |b Palgrave ,   |c 2007 
300 |a xiii, 210p. :   |b ill. ;   |c 24cm. 
500 |a Includes index 
610 2 0 |a Telefonaktiebolaget L. M. Ericsson   |x Management 
610 2 0 |a Vodafone (Firm)   |x Management 
650 0 0 |a Cellular telephone equipment industry   |x Management 
650 0 0 |a Telecommunication   |x Management 
999 |a 0000020178   |b BOOK   |c Open Shelf   |e Default branch